[Event "Arber Seniors op 6th"]
[Site "Bayerisch Eisenstein"]
[Date "2018.07.30"]
[Round "3"]
[White "Mueller, Aloys"]
[Black "Busch, Joerg"]
[Result "1/2-1/2"]
[WhiteElo "1688"]
[BlackElo "1862"]
[PlyCount "160"]
[EventDate "2018.07.28"]
[EventType "swiss"]
[EventRounds "9"]
[EventCountry "GER"]
[SourceTitle "CBM 185 Extra"]
[Source "ChessBase"]
[SourceDate "2018.07.29"]
[SourceVersion "1"]
[SourceVersionDate "2018.07.29"]
[SourceQuality "1"]

1. e4 d5 2. exd5 Qxd5 3. Nc3 Qd6 4. Nf3 Nf6 5. d4 c6 6. Be2 Bg4 7. 0-0 e6 8. Be3 Be7 9. Qd2 0-0 10. Bf4 Qd8 11. a4 Bb4 12. Qe3 Nd5 13. Nxd5 cxd5 14. Bd3 Bh5 15. Ne5 Bg6 16. Nxg6 hxg6 17. Bxb8 Rxb8 18. g3 Qb6 19. Rab1 Be7 20. Rfd1 Bf6 21. Be2 a6 22. Qd2 Rbc8 23. h4 Qc6 24. c3 Qxa4 25. Kg2 Qd7 26. Rh1 Qe7 27. f4 Qd8 28. Qe3 Re8 29. Bf3 Kf8 30. Qd2 Rc4 31. Be2 Rc6 32. Qe3 Rb6 33. Bd3 Qd7 34. h5 gxh5 35. Rxh5 Ke7 36. Rhh1 Kd8 37. Qd2 Kc8 38. Qc2 Kb8 39. Qd1 Qc8 40. Qa4 Qc6 41. Qxc6 Rxc6 42. g4 g6 43. g5 Bd8 44. Kf3 Bc7 45. Rh7 Rf8 46. Rbh1 Bd6 47. Ke3 Kc8 48. Kf3 Rc7 49. Rg7 b5 50. Ra1 Kb7 51. Rh7 Kb6 52. Ke3 a5 53. Kf3 Ra7 54. Ke3 Rc8 55. Rc1 Rac7 56. Kf3 b4 57. Ke3 Ra8 58. c4 dxc4 59. Rxc4 Rxc4 60. Bxc4 Rc8 61. Bb3 Rc7 62. Rh1 Kb5 63. Ra1 Rc8 64. Kf3 Ra8 65. d5 exd5 66. Bxd5 Ra7 67. b3 Re7 68. Bc4+ Kb6 69. Rd1 Bc5 70. Rd5 Ra7 71. f5 a4 72. bxa4 Rxa4 73. Bb3 Ra3 74. Rd3 gxf5 75. Kf4 Bf2 76. Kxf5 Be1 77. Ke4 Ra7 78. Rf3 Re7+ 79. Kd3 Re5 80. Re3 Rxe3+ 1/2-1/2

[Event "Arber Seniors op 6th"]
[Site "Bayerisch Eisenstein"]
[Date "2018.07.28"]
[Round "1"]
[White "Neubauer, Bernd"]
[Black "Busch, Joerg"]
[Result "1-0"]
[WhiteElo "2159"]
[BlackElo "1862"]
[PlyCount "81"]
[EventDate "2018.07.28"]
[EventType "swiss"]
[EventRounds "9"]
[EventCountry "GER"]
[SourceTitle "CBM 185 Extra"]
[Source "ChessBase"]
[SourceDate "2018.07.29"]
[SourceVersion "1"]
[SourceVersionDate "2018.07.29"]
[SourceQuality "1"]

1. d4 d5 2. Nf3 c6 3. e3 Bf5 4. Nbd2 Nf6 5. Ne5 Nbd7 6. Be2 e6 7. g4 Bg6 8. h4 h6 9. Nxg6 fxg6 10. Bd3 Bd6 11. Bxg6+ Ke7 12. f4 c5 13. c3 cxd4 14. cxd4 Qa5 15. 0-0 Nf8 16. Bd3 g5 17. fxg5 hxg5 18. h5 Qc7 19. Qe2 Bg3 20. e4 Ng6 21. e5 Nxh5 22. gxh5 Nf4 23. Qg4 Bh2+ 24. Kh1 Rag8 25. Rxf4 Bxf4 26. Nb3 Kd8 27. Qxe6 Rxh5+ 28. Kg2 Rgh8 29. Bxf4 gxf4 30. Qxd5+ Qd7 31. Qxd7+ Kxd7 32. Bb5+ Ke6 33. Re1 a6 34. Bc4+ Kf5 35. Bd3+ Ke6 36. Kf3 Rh4 37. Bf1 Kd5 38. e6 Re8 39. Re5+ Kd6 40. Nc5 Rh6 41. Nxb7+ 1-0

[Event "GER-chT Betriebe"]
[Site "Berlin"]
[Date "2006.10.07"]
[Round "6.4"]
[White "Busch, Joerg"]
[Black "Grosse Honebrink, Brigitte"]
[Result "1/2-1/2"]
[WhiteElo "2120"]
[BlackElo "1886"]
[PlyCount "44"]
[EventDate "2006.10.05"]
[EventType "team-tourn"]
[EventRounds "7"]
[EventCountry "GER"]
[SourceTitle "EXT 2020"]
[Source "ChessBase"]
[SourceDate "2019.10.17"]
[SourceVersion "1"]
[SourceVersionDate "2019.10.17"]
[SourceQuality "1"]
[WhiteTeam "Duesseldorf Provinzial"]
[BlackTeam "Gillette III"]
[WhiteTeamCountry "GER"]
[BlackTeamCountry "GER"]

1. e4 c5 2. Nf3 Nc6 3. Bb5 Qb6 4. c4 a6 5. Bxc6 Qxc6 6. Nc3 d6 7. h3 Nf6 8. d3 e6 9. 0-0 Be7 10. Bf4 0-0 11. e5 Nd7 12. d4 dxe5 13. dxe5 b5 14. Qe2 bxc4 15. Qxc4 Bb7 16. Qe2 Rfd8 17. Rfd1 Nf8 18. Ne1 Ng6 19. Bg3 Nh4 20. Bxh4 Bxh4 21. Rxd8+ Rxd8 22. Rd1 Rxd1 1/2-1/2

[Event "GER-chT Betriebe"]
[Site "Berlin"]
[Date "2006.10.07"]
[Round "5.4"]
[White "Schilly, Hans Joachim"]
[Black "Busch, Joerg"]
[Result "0-1"]
[WhiteElo "1763"]
[BlackElo "2120"]
[PlyCount "58"]
[EventDate "2006.10.05"]
[EventType "team-tourn"]
[EventRounds "7"]
[EventCountry "GER"]
[SourceTitle "EXT 2020"]
[Source "ChessBase"]
[SourceDate "2019.10.17"]
[SourceVersion "1"]
[SourceVersionDate "2019.10.17"]
[SourceQuality "1"]
[WhiteTeam "Deutsche Telekom Berlin"]
[BlackTeam "Duesseldorf Provinzial"]
[WhiteTeamCountry "GER"]
[BlackTeamCountry "GER"]

1. c4 c6 2. e4 d5 3. cxd5 cxd5 4. exd5 Qxd5 5. Nc3 Qa5 6. Nf3 Nf6 7. Bc4 e6 8. 0-0 Be7 9. d4 Nbd7 10. Bf4 a6 11. a3 0-0 12. b4 Qd8 13. Rc1 Nb6 14. Bb3 Nbd5 15. Nxd5 Nxd5 16. Bg3 b5 17. Ne5 Bb7 18. Nc6 Bxc6 19. Rxc6 a5 20. Bxd5 Qxd5 21. Rc7 Rfe8 22. Qg4 axb4 23. Be5 f6 24. Rxe7 Rxe7 25. Bxf6 Rf7 26. Bg5 bxa3 27. Bc1 b4 28. Re1 b3 29. Rxe6 b2 0-1

[Event "Werther Schloss op-A 7th"]
[Site "Werther"]
[Date "2001.04.07"]
[Round "2"]
[White "Grossmann, Herbert"]
[Black "Busch, Joerg"]
[Result "1/2-1/2"]
[WhiteElo "2100"]
[BlackElo "2125"]
[PlyCount "30"]
[EventDate "2001.04.06"]
[EventType "swiss"]
[EventRounds "5"]
[EventCountry "GER"]
[SourceTitle "EXT 2002"]
[Source "ChessBase"]
[SourceDate "2001.11.25"]
[SourceVersion "1"]
[SourceVersionDate "2001.11.25"]
[SourceQuality "1"]

1. d4 d5 2. c4 c6 3. cxd5 cxd5 4. Nf3 Nf6 5. Nc3 Nc6 6. Bf4 Bf5 7. e3 e6 8. Bb5 Rc8 9. Ne5 Bd6 10. Qa4 Bxe5 11. Bxe5 a6 12. Bxc6+ Rxc6 13. 0-0 0-0 14. Rfc1 b5 15. Qb3 Qe7 1/2-1/2

[Event "Werther Schloss op-A 7th"]
[Site "Werther"]
[Date "2001.04.06"]
[Round "1"]
[White "Busch, Joerg"]
[Black "Gehrke, Rolf"]
[Result "0-1"]
[WhiteElo "2125"]
[BlackElo "1928"]
[PlyCount "44"]
[EventDate "2001.04.06"]
[EventType "swiss"]
[EventRounds "5"]
[EventCountry "GER"]
[SourceTitle "EXT 2002"]
[Source "ChessBase"]
[SourceDate "2001.11.25"]
[SourceVersion "1"]
[SourceVersionDate "2001.11.25"]
[SourceQuality "1"]

1. e4 c5 2. Nf3 Nc6 3. Bb5 Nd4 4. Nxd4 cxd4 5. c3 g6 6. 0-0 Bg7 7. Re1 a6 8. Be2 Nf6 9. e5 Nd5 10. cxd4 d6 11. Qa4+ Bd7 12. Qb3 Bc6 13. e6 0-0 14. exf7+ Rxf7 15. Bf3 Bxd4 16. Kh1 Bxf2 17. Re2 Qc7 18. Rxf2 Ba4 19. Qd3 Bb5 20. Qb3 Qxc1+ 21. Bd1 Rxf2 22. Qxd5+ Rf7 0-1